000 00428nam a2200181Ia 4500
008 221030s9999 xx 000 0 und d
041 _aEnglish
082 _a105.23
_bCha
100 _aD. Chattopadhyay
245 0 _aFoundations of Electronics
250 _a2nd
260 _bNew Age International Pub.
_aPune
_c1984
300 _a456
650 _aECE
700 _aN. N. Purkait
700 _aP. C. Rakshit
942 _cBK
999 _c1281
_d1281